Normal view
MARC view
- Adquisición de segundo lenguaje
Entry Materia
001 - NÚMERO DE CONTROL DEL REGISTRO
- campo de control: 215
003 - IDENTIFICADOR DE NUMERO DE CONTROL
- campo de control: UPN
005 - FECHA Y HORA DE LA ÚLTIMA TRANSACCIÓN
- campo de control: 20221115150007.0
008 - DATOS DE LONGITUD FIJA
- campo de control de longitud fija: 220815n||acnnnbabn | ana |d
035 ## - NÚMERO DE CONTROL DEL SISTEMA
- Número de control del sistema: UPN10000000215
040 ## - FUENTE DE LA CATALOGACIÓN
- Centro catalogador de origen: UPN
- Lengua de catalogación: spa
- Agencia de transcripción: UPN
046 ## - FECHAS CON CODIFICACIÓN ESPECIAL
- Fecha final para contenidos agregados: 2022
150 ## - ENCABEZAMIENTO - TEMÁTICO
- Término de materia o nombre geográfico como elemento inicial: Adquisición de segundo lenguaje
450 ## - VÉASE - MATERIA
- Encabezamiento temático: Segunda lengua
450 ## - VÉASE - MATERIA
- Encabezamiento temático: Adquisición de segunda lengua
450 ## - VÉASE - MATERIA
- Encabezamiento temático: Adquisición de una segunda lengua
450 ## - VÉASE - MATERIA
- Encabezamiento temático: Aprendizaje de segunda lengua
450 ## - VÉASE - MATERIA
- Encabezamiento temático: Adquisición de un segundo idioma
450 ## - VÉASE - MATERIA
- Encabezamiento temático: Segunda lengua
- Subdivisión temática general: Adquisición
670 ## - FUENTE EN LA QUE SE LOCALIZARON DATOS
- Cita de la fuente: LEMB, 1998:
- Información localizada: página 23 (Adquisición de segundo lenguaje)
902 ## - CATALOGADOR
- Catalogador: BDV/240501
